Growth of agricultural labour in a backward economy : A study of Purnea district (Record no. 14620)

MARC details
000 -LEADER
fixed length control field 00321nam a2200121Ia 4500
082 ## - DEWEY DECIMAL CLASSIFICATION NUMBER
Classification number RM.0085
100 ## - MAIN ENTRY--AUTHOR NAME
Personal name Mitra, Manoshi
245 #0 - TITLE STATEMENT
Title Growth of agricultural labour in a backward economy : A study of Purnea district
260 ## - PUBLICATION, DISTRIBUTION, ETC. (IMPRINT)
Year of publication 1979
300 ## - PHYSICAL DESCRIPTION
Number of Pages 85p.
942 ## - ADDED ENTRY ELEMENTS (KOHA)
Koha item type Books
Holdings
Withdrawn status Lost status Damaged status Not for loan Home library Current library Date acquired Full call number Accession Number Price effective from Koha item type
        NASSDOC Library NASSDOC Library 08/10/2004 RM.0085 12639 18/04/2019 Books